000 01812cam a2200505 4500
001 22187
003 VRT
005 20260321122024.0
008 210624s2018 xo gr 010 fdslo
015 _aSNBA2018/12
020 _a9788055164229
_q(viazané)
035 _aAE262336-42D8-4DBA-A90E-55309711C31D
035 _aurn:nbn:sk:snk-am3idka
035 _aurn:nbn:sk:snk-am00e5zc
039 9 _a202208151216
_bAUTHORITY
_c202208151200
_dAUTHORITY
_c202106241118
_dVLOAD
_c202102021315
_dVLOAD
040 _aTTKJF
_bslo
_dTTKJF
_dSNK
_erda
041 1 _aslo
_heng
044 _axo
_cSK
072 7 _a821.111(73)-3
_xAmerická próza
_2konspekt
080 _a821.111(73)-31
_22011
080 _a(0:82-312.5)
_22011
100 1 _aSteel, Danielle,
_d1947-
_4aut
240 1 0 _aDangerous Games
_lSlovensky
245 1 0 _aNebezpečná hra
_cDanielle Steel ; preložila Zuzana Gašparovičová
264 1 _aBratislava
_bIkar
_c2018
300 _a259 strán
_c21 cm
336 _atext
_btxt
_2rdacontent
337 _abez média
_bn
_2rdamedia
338 _azväzok
_bnc
_2rdacarrier
500 _aPreložené z angličtiny
500 _aObsahuje biografické údaje o autorke na prebale knihy
655 7 _aamerické romány
_2SNKPH
655 7 _aAmerican novels
_2SNKPHeng
655 7 _aLove novels
_2SNKPHeng
655 7 _aľúbostné romány
_2SNKPH
700 1 _aGašparovičová, Zuzana
_4trl
910 _asnk
942 _2ddc
_cKLDO
_n0
949 _62889344496
_asavukPV 27343
_bsavuk2019/9
949 _617A1351002
_asnkSC 182073
_bsnk2018/27102
_o2707/18
_s6100:20190103
949 _64710710460
_astrmkB
_bstrmk2018/10460
949 _6270001000599542
_asvkbbA 156113
_bsvkbbm 780610
949 _617A1352253
_asnkSC 182073 D1
_bsnk2019/1230
_o2707/18
949 _6273K0636600
_asvkpoA 239912
_bsvkpo629964
999 _c22187
_d22187